[Event "Brackel 2- Oberhausen"]
[Site "?"]
[Date "2022.09.11"]
[Round "1.5"]
[White "Mancic, Ivan"]
[Black "Kartsev, Nikolay"]
[Result "0-1"]
[WhiteElo "2128"]
[BlackElo "2059"]
[PlyCount "80"]
[SourceVersionDate "2023.06.22"]

1. d4 f5 2. c4 e6 3. g3 Nf6 4. Bg2 d6 5. Nf3 Be7 6. Nc3 O-O 7. O-O Ne4 8. Nxe4
fxe4 9. Ne1 d5 10. Nc2 Nd7 11. b3 c6 12. Bb2 Qe8 13. f3 Nf6 14. Qd2 Qg6 15. Ba3
Bxa3 16. Nxa3 Bd7 17. Qb4 b5 18. cxb5 cxb5 19. Rac1 Rfc8 20. Qd6 b4 21. Qxb4
Qh6 22. f4 e5 23. dxe5 Ng4 24. h4 Ne3 25. Qe7 Bg4 26. Rfe1 Qb6 27. Qd6 Qd4 28.
Kh2 Qd2 29. Nb1 Qxa2 30. e6 Rxc1 31. Rxc1 Qxe2 32. Rg1 Re8 33. Nc3 Qf2 34. Nxd5
Nf5 35. Ne7+ Nxe7 36. Qd7 Kf8 37. Rf1 Qe2 38. Kg1 Qd3 39. Qxa7 e3 40. Bc6 e2
0-1

[Event "Brackel 2- Oberhausen"]
[Site "?"]
[Date "2022.09.11"]
[Round "1.6"]
[White "Bartelt, Max"]
[Black "Ciornei, Dragos"]
[Result "1/2-1/2"]
[WhiteElo "1998"]
[BlackElo "2145"]
[Annotator "daniel"]
[PlyCount "85"]
[SourceVersionDate "2023.06.22"]

1. d4 Nf6 2. Bg5 c5 3. Bxf6 gxf6 4. e3 Qb6 5. b3 f5 6. c3 Bg7 7. Nd2 d5 8. Qh5
Qa5 9. Rc1 Nc6 10. Bd3 e6 11. g4 fxg4 12. Qxg4 Bf6 $11 13. Qf4 Ke7 14. Ngf3
cxd4 15. exd4 Bd7 16. Ne5 Bxe5 17. dxe5 Rag8 18. Nf3 Ke8 19. a4 d4 20. b4 Qxa4
21. Ng5 Rxg5 22. Qxg5 dxc3 23. Rxc3 Qxb4 24. Qd2 Nxe5 25. Be2 Qb1+ 26. Qc1
Qxc1+ 27. Rxc1 Bc6 28. Rg1 Ke7 29. Rg5 Ng6 30. Ra5 Nf4 31. Rxa7 Kf6 32. Ba6 Rd8
33. Rc3 Rb8 34. Rb3 b5 35. Rc7 Bd5 36. Rxb5 Ra8 37. Bb7 Ra7 38. Kd2 Ng6 39. Ke3
Ne7 40. Rxe7 Kxe7 41. Bxd5 exd5 42. Rxd5 Ra3+ 43. Rd3 1/2-1/2

[Event "Brackel 2- Oberhausen"]
[Site "?"]
[Date "2022.09.11"]
[Round "1.7"]
[White "Nissen, Claus"]
[Black "Seref, Erdogan"]
[Result "1-0"]
[WhiteElo "2197"]
[BlackElo "1971"]
[PlyCount "115"]
[SourceVersionDate "2023.06.22"]

1. Nf3 d5 2. c4 dxc4 3. e4 c5 4. Bxc4 e6 5. O-O Nc6 6. Nc3 Nf6 7. Re1 Be7 8. e5
Nd5 9. d4 Nxd4 10. Nxd4 cxd4 11. Qxd4 Nxc3 12. Qxc3 O-O 13. Qg3 Kh8 14. Be3 Qa5
15. a3 b5 16. b4 Qa4 17. Be2 Bb7 18. Red1 Rad8 19. Bg5 Bxg5 20. Qxg5 Rxd1+ 21.
Rxd1 Bd5 22. Qc1 Kg8 23. Rd4 Qa6 24. Rg4 Rc8 25. Qg5 g6 26. h4 Qxa3 27. Kh2 Qb2
28. Bxb5 Qxf2 29. Rf4 Qb2 30. Bf1 Rf8 31. h5 Qc3 32. Be2 Qd2 33. Bf1 Be4 34. h6
Bf5 35. Rxf5 Qxg5 36. Rxg5 Rb8 37. b5 f6 38. exf6 Kf7 39. Rc5 Rb7 40. g4 Kxf6
41. g5+ Ke7 42. Bc4 Kd6 43. Rc6+ Ke5 44. Kg3 Kf5 45. Kh4 Re7 46. Bd3+ Kf4 47.
Ra6 e5 48. Rf6+ Ke3 49. Bxg6 hxg6 50. Rxg6 Rh7 51. Rg7 Rh8 52. h7 e4 53. g6 Kd2
54. Rg8 e3 55. Rxh8 e2 56. Re8 e1=Q+ 57. Rxe1 Kxe1 58. h8=Q 1-0

[Event "Brackel 2- Oberhausen"]
[Site "?"]
[Date "2022.09.11"]
[Round "1.8"]
[White "Garbuz, Nicole"]
[Black "Voge, Andreas"]
[Result "0-1"]
[WhiteElo "1810"]
[BlackElo "2064"]
[PlyCount "128"]
[SourceVersionDate "2023.06.22"]

1. e4 c5 2. d4 cxd4 3. c3 d3 4. Bxd3 Nc6 5. Nf3 d6 6. h3 Nf6 7. c4 g6 8. Nc3
Bg7 9. O-O O-O 10. Re1 Bd7 11. Be3 Rc8 12. c5 Be6 13. cxd6 exd6 14. Nd4 Nxd4
15. Bxd4 a6 16. f4 b5 17. Qf3 Bc4 18. Rad1 b4 19. Ne2 Qa5 20. b3 Bxd3 21. Qxd3
Rfe8 22. Bxf6 Bxf6 23. Qxd6 Re6 24. Qd3 Qxa2 25. e5 Bh4 26. Ra1 Qc2 27. Qxc2
Rxc2 28. g3 Be7 29. Rac1 Rec6 30. Kf1 R6c5 31. Rxc2 Rxc2 32. Rc1 Rb2 33. Rc7
Bf8 34. Nd4 Rd2 35. Rc4 Rd3 36. Kf2 a5 37. Nc6 Rxb3 38. Nxa5 Ra3 39. Nc6 b3 40.
Rc1 b2 41. Rb1 Bc5+ 42. Kg2 Ra6 43. Nb8 Ra2 44. Nd7 Bd4 45. Nf6+ Kg7 46. Ne4
Ra1 47. Nd2 Bc3 48. Kf3 Bxd2 49. Rxb2 Ra3+ 50. Kf2 Be3+ 51. Kg2 h5 52. Rb7 Kf8
53. Rb4 Ke7 54. g4 h4 55. f5 Ra7 56. fxg6 fxg6 57. g5 Ra2+ 58. Kf3 Bxg5 59. Rg4
Ra3+ 60. Kg2 Rg3+ 61. Rxg3 hxg3 62. Kxg3 Ke6 63. Kg4 Bh6 64. h4 Kxe5 0-1

[Event "Elberfeld- Lippstadt"]
[Site "?"]
[Date "2022.09.11"]
[Round "1.1"]
[White "Wehmeier, Stefan"]
[Black "Odendahl, Reiner"]
[Result "1-0"]
[WhiteElo "2410"]
[BlackElo "2322"]
[PlyCount "93"]
[SourceVersionDate "2023.06.22"]

1. d4 Nf6 2. Bg5 Ne4 3. Bf4 c5 4. d5 Qb6 5. Bc1 e6 6. f3 Nf6 7. e4 exd5 8. exd5
Bd6 9. c4 O-O 10. Bd3 Be5 11. Ne2 Re8 12. O-O Nxd5 13. Bxh7+ Kxh7 14. Qxd5 Qe6
15. Nbc3 Na6 16. Bf4 Qxd5 17. cxd5 b6 18. Bxe5 Rxe5 19. Ng3 Nb4 20. f4 Re8 21.
Nf5 Ba6 22. Rf3 Nc2 23. Rd1 Kg8 24. d6 Re6 25. Nd5 g6 26. Nde7+ Kf8 27. Rh3
gxf5 28. Rh8+ Kg7 29. Rxa8 Bb7 30. Rxa7 Bxg2 31. Rxd7 Bf3 32. Rd3 Re1+ 33. Kf2
Be4 34. Rg3+ Kf6 35. Rg1 Re3 36. Rg3 Re1 37. Rd8 Rh1 38. Rh3 Rd1 39. Ng8+ Ke6
40. Re8+ Kd7 41. Nf6+ Kc6 42. Rc8+ Kb7 43. Rc7+ Ka6 44. d7 Rd2+ 45. Kg3 Ne3 46.
Rc8 Rg2+ 47. Kh4 1-0

[Event "Elberfeld- Lippstadt"]
[Site "?"]
[Date "2022.09.11"]
[Round "1.2"]
[White "Volkov, Mykyta"]
[Black "Jesse, Ingemars"]
[Result "1-0"]
[WhiteElo "2207"]
[BlackElo "2373"]
[PlyCount "71"]
[SourceVersionDate "2023.06.22"]

1. d4 g6 2. c4 Nf6 3. Nc3 Bg7 4. e4 d6 5. Be2 O-O 6. Nf3 Na6 7. h3 e5 8. d5 Nc5
9. Qc2 a5 10. g4 c6 11. Be3 cxd5 12. cxd5 b6 13. Nd2 Ba6 14. Bxa6 Nxa6 15. Nc4
Nb4 16. Qe2 b5 17. Na3 Nd3+ 18. Qxd3 b4 19. Nab5 bxc3 20. Nxc3 Qb8 21. O-O-O a4
22. a3 Rc8 23. f3 Qb3 24. Qc2 Qc4 25. Kb1 Rab8 26. Rc1 Qa6 27. Qe2 Qa5 28. Na2
Re8 29. Nb4 Rxb4 30. axb4 Qxb4 31. Qc4 Qa5 32. Rc3 Rb8 33. Ka2 Bf8 34. Ra3 Ra8
35. Rc1 Nd7 36. Qc7 1-0

[Event "Elberfeld- Lippstadt"]
[Site "?"]
[Date "2022.09.11"]
[Round "1.3"]
[White "Wagner, Alexej"]
[Black "Dresen, Ulrich"]
[Result "1-0"]
[WhiteElo "2266"]
[BlackElo "2190"]
[PlyCount "41"]
[SourceVersionDate "2023.06.22"]

1. d4 Nf6 2. c4 e6 3. Nc3 Bb4 4. Qc2 d5 5. e3 O-O 6. Nf3 c5 7. dxc5 Nbd7 8. Bd2
Nxc5 9. cxd5 exd5 10. Be2 Be6 11. O-O Rc8 12. Qd1 Bd7 13. Rc1 Qb6 14. Qe1 a5
15. a3 Bxc3 16. Bxc3 Nb3 17. Rd1 Ne4 18. Rxd5 Nxc3 19. bxc3 Bc6 20. Rh5 Be4 21.
Rb5 1-0

[Event "Elberfeld- Lippstadt"]
[Site "?"]
[Date "2022.09.11"]
[Round "1.4"]
[White "Boos, Markus"]
[Black "Besou, Hussain"]
[Result "0-1"]
[WhiteElo "2153"]
[BlackElo "2119"]
[PlyCount "64"]
[SourceVersionDate "2023.06.22"]

1. d4 Nf6 2. c4 e6 3. g3 d5 4. Bg2 Bb4+ 5. Bd2 Be7 6. Nf3 O-O 7. O-O c6 8. Nc3
dxc4 9. Bf4 b5 10. Ne5 Nd5 11. e4 Nxf4 12. gxf4 Bb7 13. Re1 Nd7 14. Qg4 Nf6 15.
Qd1 a6 16. Rc1 c5 17. dxc5 Bxc5 18. Qe2 Qe7 19. Ng4 Rad8 20. Nxf6+ Qxf6 21. e5
Qxf4 22. Bxb7 Rd2 23. Qxd2 Qxd2 24. Ne4 Qd4 25. Nxc5 Qxc5 26. a4 Qb6 27. Bf3
Rd8 28. axb5 Rd2 29. Re3 axb5 30. b3 g6 31. Bd1 Qd4 32. Be2 Qb2 0-1

[Event "Elberfeld- Lippstadt"]
[Site "?"]
[Date "2022.09.11"]
[Round "1.5"]
[White "Tran, Duc Cuong"]
[Black "Tymura, Achim"]
[Result "1-0"]
[WhiteElo "2065"]
[BlackElo "2042"]
[PlyCount "65"]
[SourceVersionDate "2023.06.22"]

1. d4 Nf6 2. Bf4 d5 3. e3 c6 4. Nd2 Bg4 5. Ngf3 e6 6. h3 Bxf3 7. Qxf3 Qb6 8.
O-O-O Na6 9. c3 c5 10. g4 Rc8 11. g5 cxd4 12. exd4 Nd7 13. Kb1 Be7 14. h4 Nc7
15. h5 Nb5 16. Ka1 Qa5 17. Bxb5 Qxb5 18. g6 hxg6 19. hxg6 Rf8 20. Rh7 fxg6 21.
Qg4 Qd3 22. Qxe6 Rc6 23. Qe3 Qf5 24. Re1 Rf7 25. Rh8+ Nf8 26. Bg5 Kd7 27. Rxf8
Bxf8 28. Qe8+ Kd6 29. Qd8+ Qd7 30. Qb8+ Qc7 31. Qe8 Be7 32. Qxf7 Bxg5 33. Re6#
1-0

[Event "Elberfeld- Lippstadt"]
[Site "?"]
[Date "2022.09.11"]
[Round "1.6"]
[White "Fuchs, Thomas"]
[Black "Dzirkalis, Edvins"]
[Result "1/2-1/2"]
[WhiteElo "2059"]
[BlackElo "2111"]
[PlyCount "53"]
[SourceVersionDate "2023.06.22"]

1. d4 d5 2. Bf4 Nf6 3. e3 c5 4. c3 Nc6 5. Nf3 Bg4 6. Qb3 Qc8 7. Ne5 c4 8. Qa4
Bd7 9. Nxd7 Nxd7 10. b3 Nb6 11. Qb5 cxb3 12. axb3 Qd8 13. Be2 e6 14. O-O Be7
15. Nd2 O-O 16. Qd3 Bf6 17. Nf3 Re8 18. Rfd1 Qe7 19. Bg3 Red8 20. Rd2 g6 21.
Ne5 Nxe5 22. Bxe5 Bxe5 23. dxe5 Rdc8 24. Qd4 Qc7 25. Rc2 a6 26. f4 Rd8 27. Qb4
1/2-1/2

[Event "Elberfeld- Lippstadt"]
[Site "?"]
[Date "2022.09.11"]
[Round "1.7"]
[White "Kuehler, Andreas"]
[Black "Saoudi, Lahcen"]
[Result "0-1"]
[WhiteElo "2029"]
[BlackElo "2077"]
[PlyCount "54"]
[SourceVersionDate "2023.06.22"]

1. d4 Nf6 2. Nf3 d6 3. Bf4 g6 4. Nc3 Bg7 5. Qd2 Bf5 6. h3 Ne4 7. Nxe4 Bxe4 8.
Ng5 Bc6 9. c4 O-O 10. d5 Bd7 11. e4 Na6 12. Rb1 Nc5 13. b4 Na4 14. Rb3 a5 15.
Be3 axb4 16. Qxb4 Nc5 17. Bxc5 dxc5 18. Qxc5 Rxa2 19. Bd3 Bc3+ 20. Kf1 b6 21.
Qe3 Bd2 22. Qg3 Ba4 23. Bb1 Ra1 24. Rb2 Qd6 25. e5 Qc5 26. Rxd2 Rxb1+ 27. Ke2
Qxc4+ 0-1

[Event "Elberfeld- Lippstadt"]
[Site "?"]
[Date "2022.09.11"]
[Round "1.8"]
[White "Maenken, Merlin"]
[Black "Homfeldt, Christopher"]
[Result "0-1"]
[WhiteElo "1669"]
[BlackElo "1830"]
[PlyCount "80"]
[SourceVersionDate "2023.06.22"]

1. Nf3 Nf6 2. c4 e6 3. Nc3 d5 4. e3 Be7 5. b3 O-O 6. Bb2 b6 7. d4 Bb7 8. Bd3 c5
9. cxd5 cxd4 10. Nxd4 Nxd5 11. Rc1 Nd7 12. Nxd5 Bxd5 13. e4 Bb4+ 14. Bc3 Bxc3+
15. Rxc3 Bb7 16. O-O Nc5 17. e5 Qg5 18. Bxh7+ Kxh7 19. Rh3+ Kg8 20. Rg3 Qxe5
21. f4 Qf6 22. f5 Rad8 23. Rf4 e5 24. Rxg7+ Qxg7 25. Rg4 Rxd4 26. Rxg7+ Kxg7
27. Qh5 Rg8 28. Qg5+ Kf8 29. Qh6+ Ke7 30. g3 Ne4 31. Kf1 Nxg3+ 32. hxg3 Rxg3
33. f6+ Ke6 34. Qf8 Rf4+ 35. Ke1 Ba6 36. Qe8+ Kf5 37. Qxf7 Rf1+ 38. Kd2 Rf2+
39. Ke1 Re2+ 40. Kf1 Rxa2+ 0-1

[Event "Bochum- Godesberg"]
[Site "?"]
[Date "2022.09.11"]
[Round "1.1"]
[White "Wigger, Jochen"]
[Black "Zatonskih, Anna"]
[Result "1/2-1/2"]
[WhiteElo "2316"]
[BlackElo "2371"]
[PlyCount "50"]
[SourceVersionDate "2023.06.22"]

1. d4 d5 2. Nf3 Nf6 3. Bf4 e6 4. e3 Bd6 5. Bg3 O-O 6. Bd3 c5 7. dxc5 Bxc5 8.
Nbd2 Nc6 9. O-O Bd6 10. e4 Bxg3 11. hxg3 e5 12. exd5 Qxd5 13. Ng5 Bg4 14. Qe1
h6 15. Nge4 Nxe4 16. Qxe4 Qxe4 17. Bxe4 Rac8 18. Nb3 b6 19. c3 Rfd8 20. Rfe1 f6
21. f3 Be6 22. Rad1 Ne7 23. Kf2 Kf7 24. g4 a5 25. Nc1 b5 1/2-1/2

[Event "Bochum- Godesberg"]
[Site "?"]
[Date "2022.09.11"]
[Round "1.2"]
[White "Friedmann, Rafael"]
[Black "Koehler, Christian Friedrich"]
[Result "1/2-1/2"]
[WhiteElo "2434"]
[BlackElo "2203"]
[PlyCount "160"]
[SourceVersionDate "2023.06.22"]

1. Nf3 f5 2. b3 d6 3. d4 g6 4. Bb2 Bg7 5. c4 Nf6 6. g3 O-O 7. Bg2 Qe8 8. d5 Na6
9. O-O Bd7 10. Nc3 c6 11. Nd4 Nc7 12. Rb1 c5 13. Nf3 h6 14. Nd2 b5 15. cxb5
Nxb5 16. Nc4 g5 17. Qd3 Nxc3 18. Bxc3 Qg6 19. f4 Rab8 20. Rbe1 g4 21. e4 fxe4
22. Bxe4 Nxe4 23. Bxg7 Kxg7 24. Rxe4 Rf7 25. Rfe1 Bf5 26. Qc3+ Qf6 27. Qxf6+
Kxf6 28. R4e3 Rb4 29. Kf2 h5 30. Ke2 Rh7 31. Kd2 a6 32. Kc3 Rb5 33. a3 Rb8 34.
Na5 Rg8 35. Nc6 Rgg7 36. b4 cxb4+ 37. Kxb4 Bd7 38. Ka5 e6 39. Rxe6+ Bxe6 40.
Rxe6+ Kf7 41. Rxd6 h4 42. Ne5+ Ke8 43. Rf6 hxg3 44. hxg3 Rh3 45. Rb6 Rxg3 46.
d6 Rd7 47. a4 Rf3 48. Nxf3 gxf3 49. Rb3 Rxd6 50. Rxf3 Rd4 51. f5 Kf7 52. Ra3
Rd6 53. Rb3 Rf6 54. Rb6 Rxf5+ 55. Kxa6 Ke7 56. Rb5 Rf8 57. Kb7 Kd6 58. Rb1 Kc5
59. a5 Rf7+ 60. Ka6 Rf6+ 61. Ka7 Rf7+ 62. Rb7 Rf1 63. Rh7 Kc6 64. Rb7 Ra1 65.
a6 Ra3 66. Rb1 Ra2 67. Rc1+ Kd7 68. Rc3 Rb2 69. Rh3 Kc8 70. Rh7 Rb1 71. Rb7 Ra1
72. Rb5 Kc7 73. Rc5+ Kd6 74. Rc2 Rb1 75. Ka8 Kd7 76. Rh2 Kc8 77. Rh7 Rb8+ 78.
Ka7 Rb1 79. Rb7 Ra1 80. Rb5 Kc7 1/2-1/2

[Event "Bochum- Godesberg"]
[Site "?"]
[Date "2022.09.11"]
[Round "1.4"]
[White "Heinbuch, Detlef"]
[Black "Rybarczyk, Klaus"]
[Result "1-0"]
[WhiteElo "2264"]
[BlackElo "2197"]
[PlyCount "99"]
[SourceVersionDate "2023.06.22"]

1. c4 Nf6 2. Nf3 g6 3. b3 Bg7 4. Bb2 d6 5. g3 O-O 6. Bg2 e5 7. O-O c6 8. Nc3
Na6 9. d3 Re8 10. e4 Nc5 11. h3 a5 12. Rb1 Nfd7 13. Kh2 Ne6 14. a3 Ndf8 15. b4
axb4 16. axb4 Ng5 17. Nxg5 Qxg5 18. Bc1 Qd8 19. Be3 Ne6 20. Ne2 Nd4 21. Nxd4
exd4 22. Bd2 Ra3 23. Qc2 Bd7 24. Ra1 Qa8 25. Qb2 Rxa1 26. Rxa1 Qd8 27. Ra7 Bc8
28. Ra8 Qe7 29. Ra5 h6 30. Qc1 Kh7 31. h4 Qf8 32. Qd1 h5 33. Ra7 Qe7 34. Qa4
Be5 35. Kg1 Bg7 36. Bg5 Qe6 37. Kh2 Bf6 38. Bxf6 Qxf6 39. f4 Qe6 40. Qd1 Qe7
41. Qa1 Qf6 42. Ra8 Kg7 43. Bh3 Bxh3 44. Rxe8 Bd7 45. Rb8 b5 46. Rb7 Qe6 47.
Qxd4+ Kh7 48. Qf2 Qh3+ 49. Kg1 bxc4 50. f5 1-0

[Event "Bochum- Godesberg"]
[Site "?"]
[Date "2022.09.11"]
[Round "1.5"]
[White "Schulte- Geers, Niklas"]
[Black "Zozulia, Anna"]
[Result "1-0"]
[WhiteElo "2157"]
[BlackElo "2243"]
[PlyCount "69"]
[SourceVersionDate "2023.06.22"]

1. d4 Nf6 2. c4 g6 3. Nc3 Bg7 4. e4 d6 5. Nf3 O-O 6. h3 c6 7. Be2 e5 8. d5 cxd5
9. cxd5 Nbd7 10. Be3 Nc5 11. Nd2 a5 12. a3 Bd7 13. b4 Na6 14. Qb3 axb4 15. axb4
Ne8 16. O-O f5 17. exf5 gxf5 18. f4 exf4 19. Bxf4 Rc8 20. Nc4 Qf6 21. Rf3 Bb5
22. Rd1 Bxc4 23. Bxc4 Qd8 24. Nb5 Kh8 25. Kh1 Rf7 26. Be3 Qh4 27. Nd4 Nb8 28.
Rf4 Qh5 29. Rdf1 Nd7 30. Be2 Qg6 31. Qd1 Ne5 32. Bh5 Qg3 33. Bxf7 Qxe3 34. Nxf5
Qd3 35. Qh5 1-0

[Event "Bochum- Godesberg"]
[Site "?"]
[Date "2022.09.11"]
[Round "1.6"]
[White "Zatonskih, Vitaly"]
[Black "Brandt, Sebastian"]
[Result "0-1"]
[WhiteElo "2250"]
[BlackElo "2168"]
[PlyCount "54"]
[SourceVersionDate "2023.06.22"]

1. d4 d5 2. c4 e6 3. Nc3 Bb4 4. cxd5 exd5 5. Qc2 Nf6 6. Bg5 h6 7. Bh4 g5 8. Bg3
Ne4 9. e3 c6 10. Bd3 f5 11. Nge2 Qe7 12. Be5 Rf8 13. a3 Bxc3+ 14. bxc3 Nd7 15.
Bg3 Ndf6 16. O-O h5 17. f3 h4 18. fxe4 hxg3 19. Nxg3 dxe4 20. Be2 Qh7 21. Rf2
Rh8 22. Nf1 f4 23. exf4 e3 24. Bd3 exf2+ 25. Kxf2 Qg7 26. Bg6+ Kd8 27. fxg5 Nd5
0-1

[Event "Bochum- Godesberg"]
[Site "?"]
[Date "2022.09.11"]
[Round "1.7"]
[White "Broehl, Stephan"]
[Black "Golinka, Oleksandr"]
[Result "1/2-1/2"]
[WhiteElo "2140"]
[BlackElo "2189"]
[PlyCount "73"]
[SourceVersionDate "2023.06.22"]

1. e4 e6 2. d4 d5 3. exd5 exd5 4. Nf3 Bd6 5. Bd3 Ne7 6. O-O Bf5 7. Bxf5 Nxf5 8.
Re1+ Ne7 9. Nbd2 O-O 10. Nf1 c6 11. Qd3 Nd7 12. Bg5 f6 13. Bh4 Qc7 14. Re6 Ng6
15. Bg3 Bxg3 16. hxg3 Rfe8 17. Qe2 Rxe6 18. Qxe6+ Kh8 19. Nh4 Ndf8 20. Qe3 Qd7
21. Re1 Kg8 22. c3 Kf7 23. Qf3 Nxh4 24. gxh4 Re8 25. Re3 Rxe3 26. Nxe3 g6 27.
g4 Kg7 28. Qg3 Ne6 29. g5 Qc7 30. gxf6+ Kxf6 31. Ng4+ Kg7 32. Ne5 Qe7 33. Ng4
Nf8 34. Ne5 Nd7 35. Nxd7 Qxd7 36. h5 Kh6 37. hxg6 1/2-1/2

[Event "Bochum- Godesberg"]
[Site "?"]
[Date "2022.09.11"]
[Round "1.8"]
[White "Kraemer, Matthias"]
[Black "Wecker, Martin"]
[Result "1/2-1/2"]
[WhiteElo "2223"]
[BlackElo "2148"]
[PlyCount "34"]
[SourceVersionDate "2023.06.22"]

1. e4 c5 2. Nf3 e6 3. d4 cxd4 4. Nxd4 Nc6 5. Nc3 Qc7 6. Be3 Nf6 7. Ndb5 Qb8 8.
f4 a6 9. e5 axb5 10. exf6 gxf6 11. Nxb5 d5 12. c4 Bb4+ 13. Kf2 d4 14. Nxd4 Bc5
15. g3 Nxd4 16. Bxd4 Qc7 17. Bxc5 Qxc5+ 1/2-1/2

[Event "Mülheim Nord 3- Katernberg 2"]
[Site "?"]
[Date "2022.09.11"]
[Round "1.1"]
[White "Villwock, Martin"]
[Black "Walter, Andreas"]
[Result "1/2-1/2"]
[WhiteElo "2117"]
[BlackElo "2173"]
[PlyCount "42"]
[SourceVersionDate "2023.06.22"]

1. e4 c5 2. Nf3 d6 3. d4 cxd4 4. Nxd4 Nf6 5. Nc3 e6 6. g4 e5 7. Bb5+ Bd7 8.
Bxd7+ Qxd7 9. Nf5 h5 10. Bg5 Nh7 11. Be3 hxg4 12. Qd3 g6 13. Ng3 Nc6 14. Nd5
Ne7 15. O-O-O Nxd5 16. Qxd5 Qc6 17. Qd3 Nf6 18. Bg5 Nh7 19. Be3 Nf6 20. Bg5 Nh7
21. Be3 Nf6 1/2-1/2

[Event "Mülheim Nord 3- Katernberg 2"]
[Site "?"]
[Date "2022.09.11"]
[Round "1.2"]
[White "Oltmanns, Jan"]
[Black "Scheck, Kyrill"]
[Result "1-0"]
[WhiteElo "2126"]
[BlackElo "2152"]
[PlyCount "77"]
[SourceVersionDate "2023.06.22"]

1. e4 c5 2. Nf3 e6 3. d4 cxd4 4. Nxd4 a6 5. c4 Nf6 6. Nc3 Qc7 7. Bd3 Nc6 8. Nc2
Ne5 9. Qe2 Nfg4 10. f4 Nxd3+ 11. Qxd3 Bc5 12. Qe2 Nh6 13. g4 d6 14. f5 Ng8 15.
b4 Ba7 16. Bb2 Ne7 17. O-O-O Bd7 18. Qd3 Rc8 19. Qxd6 Qxd6 20. Rxd6 Rxc4 21.
Rhd1 Rc7 22. Ne2 Rxc2+ 23. Kxc2 Ba4+ 24. Kb1 Bxd1 25. Rxd1 h5 26. f6 gxf6 27.
Bxf6 Rg8 28. gxh5 Rg2 29. h4 Be3 30. Nc3 Rf2 31. e5 Nc6 32. Rd3 Rf1+ 33. Kb2
Rf2+ 34. Kb3 Bd4 35. h6 Bxe5 36. Bxe5 Nxe5 37. h7 Ng6 38. Rg3 Kf8 39. Rxg6 1-0

[Event "Mülheim Nord 3- Katernberg 2"]
[Site "?"]
[Date "2022.09.11"]
[Round "1.3"]
[White "Irkilmez, Yakub"]
[Black "Albers, Sasa"]
[Result "1/2-1/2"]
[WhiteElo "2121"]
[BlackElo "2138"]
[PlyCount "117"]
[SourceVersionDate "2023.06.22"]

1. d4 Nf6 2. c4 e6 3. Nf3 b6 4. g3 Bb7 5. Bg2 Be7 6. O-O O-O 7. Nc3 Ne4 8. Qc2
Nxc3 9. Qxc3 c5 10. Rd1 Bf6 11. Qc2 Nc6 12. d5 exd5 13. cxd5 Nb4 14. Qb1 d6 15.
a3 Na6 16. Bf4 Nc7 17. h4 h6 18. e4 Re8 19. Re1 Nb5 20. Qd3 Nd4 21. Rab1 a5 22.
Nxd4 Bxd4 23. Be3 Ba6 24. Qd2 Bf6 25. f4 a4 26. Bf3 Bc4 27. Kg2 b5 28. Bf2 Rb8
29. Rbc1 g6 30. h5 g5 31. Bg4 gxf4 32. gxf4 Bg7 33. Bf5 Qf6 34. Rc3 Kh8 35. Kh3
Qe7 36. e5 dxe5 37. fxe5 Qg5 38. Qxg5 hxg5 39. Bg3 Bxd5 40. Rxc5 Be6 41. Kg4
Bf8 42. Rc7 b4 43. Bxe6 fxe6 44. Re4 Re7 45. Rxe7 Bxe7 46. axb4 Rxb4 47. Rxb4
Bxb4 48. Kxg5 Bc3 49. Bf2 Bxb2 50. Bc5 Kg7 51. h6+ Kf7 52. Bd6 a3 53. h7 Bc1+
54. Kh5 Kg7 55. h8=Q+ Kxh8 56. Bxa3 Bxa3 57. Kg6 Bb2 58. Kf6 Bxe5+ 59. Kxe6
1/2-1/2

[Event "Mülheim Nord 3- Katernberg 2"]
[Site "?"]
[Date "2022.09.11"]
[Round "1.4"]
[White "Kuipers, Dustin"]
[Black "Dahm, Bernd"]
[Result "1/2-1/2"]
[WhiteElo "2150"]
[BlackElo "2120"]
[PlyCount "79"]
[SourceVersionDate "2023.06.22"]

1. Nf3 Nf6 2. g3 b6 3. Bg2 Bb7 4. O-O e6 5. b3 Be7 6. Bb2 O-O 7. c4 c5 8. e3 d5
9. Qe2 Nc6 10. Rd1 dxc4 11. bxc4 Qc7 12. Nc3 a6 13. Rac1 Rac8 14. d3 Rfd8 15.
Ba1 Na7 16. Rb1 Bc6 17. e4 b5 18. e5 Nd7 19. Ne4 Rb8 20. Bh3 Ba8 21. Nfg5 Nf8
22. f4 Bxe4 23. Nxe4 Nc6 24. Bg2 Nd4 25. Qf2 b4 26. Nd2 a5 27. Nf3 Nxf3+ 28.
Bxf3 Nd7 29. Kg2 Rbc8 30. Rbc1 h6 31. Qe3 Qb6 32. g4 Nb8 33. d4 cxd4 34. Bxd4
Qa6 35. c5 Nc6 36. Bb2 Rxd1 37. Bxd1 a4 38. Be2 Qa5 39. Bf3 Qb5 40. Be2 1/2-1/2

[Event "Mülheim Nord 3- Katernberg 2"]
[Site "?"]
[Date "2022.09.11"]
[Round "1.5"]
[White "Dette, Jan"]
[Black "Bus, Tom"]
[Result "0-1"]
[WhiteElo "2059"]
[BlackElo "2135"]
[PlyCount "70"]
[SourceVersionDate "2023.06.22"]

1. e4 c5 2. Nf3 d6 3. d4 cxd4 4. Nxd4 Nf6 5. Nc3 Nc6 6. g3 g6 7. Bg2 Nxd4 8.
Qxd4 Bg7 9. O-O O-O 10. a4 Be6 11. Qd1 Rb8 12. Nd5 Nxd5 13. exd5 Bf5 14. Re1
Re8 15. Be4 Qd7 16. Qd3 Rbc8 17. Ra2 Bxe4 18. Rxe4 Qf5 19. c4 a6 20. b3 h5 21.
Bb2 Bxb2 22. Rxb2 e5 23. dxe6 Rxe6 24. Rd4 Qh3 25. Qf1 Qf5 26. Kg2 Rce8 27. Qd3
Qf6 28. Rd2 g5 29. h3 Re1 30. Rxd6 Qa1 31. Rh6 Rg1+ 32. Kf3 g4+ 33. hxg4 hxg4+
34. Kf4 Qe5+ 35. Kxg4 Qg7+ 0-1

[Event "Mülheim Nord 3- Katernberg 2"]
[Site "?"]
[Date "2022.09.11"]
[Round "1.6"]
[White "Mainusch, Martin"]
[Black "Heldt, Maximilian"]
[Result "1-0"]
[WhiteElo "2051"]
[BlackElo "2082"]
[PlyCount "49"]
[SourceVersionDate "2023.06.22"]

1. Nf3 d5 2. g3 c5 3. Bg2 Nc6 4. d4 cxd4 5. Nxd4 e5 6. Nxc6 bxc6 7. c4 Nf6 8.
Nc3 Bb4 9. Qa4 Rb8 10. cxd5 O-O 11. dxc6 Qd4 12. Qd1 Bxc3+ 13. bxc3 Qxc3+ 14.
Bd2 Qc4 15. O-O Rb2 16. Be3 Bf5 17. Qd6 Be4 18. Rfc1 Qxe2 19. c7 Bf5 20. Qxe5
Rb5 21. Qxf5 Rxf5 22. c8=Q Re5 23. Qc2 Qa6 24. Qc4 Qa5 25. Qc7 1-0

[Event "Mülheim Nord 3- Katernberg 2"]
[Site "?"]
[Date "2022.09.11"]
[Round "1.7"]
[White "Korchynskyi, Mykola"]
[Black "Brockhaus, Bernd"]
[Result "1-0"]
[WhiteElo "1831"]
[BlackElo "2021"]
[PlyCount "97"]
[SourceVersionDate "2023.06.22"]

1. d4 g6 2. c4 Bg7 3. Nc3 c6 4. Nf3 d6 5. e4 Bg4 6. Be2 Qb6 7. d5 Bxf3 8. Bxf3
Qb4 9. Qb3 Qb6 10. Be3 Qxb3 11. axb3 Bxc3+ 12. bxc3 c5 13. Kd2 Nf6 14. e5 Ng8
15. Rhe1 Kd8 16. Bf4 g5 17. Bg3 f5 18. h4 f4 19. Bh2 h6 20. exd6 exd6 21. Re6
Nd7 22. Rxd6 Ngf6 23. Re1 Re8 24. Ree6 Rf8 25. Re1 Rb8 26. Bd1 b5 27. cxb5 Rxb5
28. hxg5 hxg5 29. f3 Rb6 30. Rxb6 axb6 31. c4 Rh8 32. Bg1 Re8 33. Bf2 Rh8 34.
Bg1 Rh1 35. b4 Rh8 36. bxc5 bxc5 37. Ba4 Rh1 38. Bb5 Rh7 39. Ra1 Rh1 40. Ke2
Kc7 41. Bc6 Rh8 42. Ra7+ Kd6 43. Ra6 Ke5 44. Ba4 Re8 45. Kd2 Re7 46. Rc6 g4 47.
fxg4 Ne4+ 48. Kd3 Ndf6 49. Bd1 1-0

[Event "Mülheim Nord 3- Katernberg 2"]
[Site "?"]
[Date "2022.09.11"]
[Round "1.8"]
[White "Schmidt, Kevin"]
[Black "Goldkuhle, Collin"]
[Result "1-0"]
[WhiteElo "1941"]
[BlackElo "1348"]
[PlyCount "101"]
[SourceVersionDate "2023.06.22"]

1. e4 c5 2. Nf3 Nc6 3. d4 cxd4 4. Nxd4 g6 5. c4 Nf6 6. Nc3 d6 7. Be2 Bg7 8. Be3
O-O 9. O-O Nd7 10. Rc1 Nxd4 11. Bxd4 b6 12. Bg4 Ne5 13. Bxc8 Rxc8 14. b3 Bh6
15. f4 Nc6 16. Be3 Bg7 17. Qd2 f5 18. Rcd1 Qd7 19. e5 Rfd8 20. Rfe1 Qe6 21.
exd6 Rxd6 22. Nd5 Qf7 23. Nxe7+ Nxe7 24. Qxd6 h6 25. Bf2 Bf8 26. Qd7 Re8 27.
Bh4 Qg7 28. Qxe8 g5 29. fxg5 hxg5 30. Bf2 Qf6 31. Rxe7 Qxe7 32. Qxe7 Bxe7 33.
Rd7 Kf7 34. Rxa7 Ke6 35. Rxe7+ Kxe7 36. Bxb6 Kd6 37. b4 f4 38. Kf1 g4 39. Kg1
g3 40. h3 f3 41. Kf1 f2 42. Bxf2 Kc6 43. Bxg3 Kb6 44. h4 Ka6 45. h5 Kb6 46. h6
Ka6 47. h7 Kb6 48. h8=Q Ka6 49. Qf6+ Kb7 50. b5 Ka7 51. Qa6# 1-0

[Event "Bonn- Krefeld"]
[Site "?"]
[Date "2022.09.11"]
[Round "1.1"]
[White "Ricken, Katharina"]
[Black "Dehmel, Jens"]
[Result "1/2-1/2"]
[WhiteElo "2136"]
[BlackElo "2022"]
[PlyCount "31"]
[SourceVersionDate "2023.06.22"]

1. Nf3 d5 2. g3 Nf6 3. Bg2 c6 4. c4 g6 5. b3 Bg7 6. Bb2 O-O 7. O-O b6 8. d3 Bb7
9. Nbd2 c5 10. cxd5 Bxd5 11. d4 cxd4 12. Nxd4 Bxg2 13. Kxg2 Nc6 14. Nxc6 Qd5+
15. Nf3 Qxc6 16. Rc1 1/2-1/2